Sesham nhan(ശേഷം ഞാൻ) (Record no. 115309)

MARC details
000 -LEADER
fixed length control field 00411 a2200157 4500
005 - DATE AND TIME OF LATEST TRANSACTION
control field 20260328155918.0
008 - FIXED-LENGTH DATA ELEMENTS--GENERAL INFORMATION
fixed length control field 260303b |||||||| |||| 00| 0 eng d
020 ## - INTERNATIONAL STANDARD BOOK NUMBER
International Standard Book Number 9789357321402
080 ## - UNIVERSAL DECIMAL CLASSIFICATION NUMBER
Universal Decimal Classification number 89M-94
Item number ECH/S
100 ## - MAIN ENTRY--PERSONAL NAME
Personal name Echmukkutty
245 ## - TITLE STATEMENT
Title Sesham nhan(ശേഷം ഞാൻ)
260 ## - PUBLICATION, DISTRIBUTION, ETC. (IMPRINT)
Name of publisher, distributor, etc D C books.
Place of publication, distribution, etc Kottayam.
Date of publication, distribution, etc 2023.
300 ## - PHYSICAL DESCRIPTION
Extent 112p.
653 ## - INDEX TERM--UNCONTROLLED
Uncontrolled term Memories-Malayalam literature
942 ## - ADDED ENTRY ELEMENTS (KOHA)
item type Books
Holdings
Lost status Source of classification or shelving scheme Not for loan Home library Current library Date acquired Cost, normal purchase price Total Checkouts Full call number Barcode Date last seen Cost, replacement price Price effective from Koha item type Public note
  Universal Decimal Classification Not For Loan University Library University Library 02/03/2026 100.01   89M-94 ECH/S 00097389 02/03/2026 150.00 02/03/2026 Books Processing
University Library, CUSAT